| 000 | 01551nab a22002537a 4500 | ||
|---|---|---|---|
| 999 |
_c6351 _d6351 |
||
| 003 | OSt | ||
| 005 | 20260131192356.0 | ||
| 008 | 190603e xxum|||| |||| 00| 0 spa d | ||
| 040 | _cPJ | ||
| 100 |
_97007 _aCompiani, María Fabiana |
||
| 245 | 1 | 3 |
_aEl contrato de seguro a diez años de la vigencia del Código Civil y Comercial / _cMaría Fabiana Compiani. |
| 260 |
_cCiudad Autónoma de Buenos Aires : _aThomson Reuters La Ley, _b2025. |
||
| 300 | _ap. 49-56 | ||
| 500 | _aCita: TR LALEY AR/DOC/2869/2025 Publicado en: RCCyC 2025 (Diciembre). | ||
| 505 | _aSumario: I. Los pronósticos acerca de la armonización de las normativas que concurren a regular el contrato de seguro.— II. El estado de la cuestión desde la vigencia del Cód. Civ. y Com. El diálogo de fuentes y el resultado tangible de la imprevisibilidad reinante.— III. La cuestión de la prescripción y de la suspensión de cobertura por falta de pago.— IV. Las perspectivas: ¿la modificación total o parcial de la Ley de Contrato de Seguro corrige los problemas?— V. Colofón. | ||
| 505 | _t¿Te interesa el texto completo? Solicitalo al correo: koha@justierradelfuego.gov.ar | ||
| 650 | 0 |
_91497 _aCODIGO CIVIL Y COMERCIAL |
|
| 650 | 0 |
_91921 _aSEGUROS |
|
| 650 | 0 |
_95417 _aCONTRATOS DE CONSUMO |
|
| 650 | 0 |
_92600 _aLEY DE DEFENSA DEL CONSUMIDOR |
|
| 650 | 0 |
_92608 _aDERECHOS DEL CONSUMIDOR |
|
| 773 | 0 |
_02713 _93170 _dCiudad Autónoma de Buenos Aires : Thomson Reuters La Ley, 2015- _tRevista Código Civil y Comercial. Nº 6 - Diciembre 2025 |
|
| 942 |
_2udc _cANA |
||